000 00318nam a2200109 a 4500
005 20140408090031.0
008 021129s19uu xx 00 eng d
050 _aPGS '98
_bAQU #2
100 _aAquino, Timothy Jorelle "Jaga" B.
245 _aUse of medicinal plants as alternative to synthetic medicine.
942 _cPASS
999 _c96431
_d96431